Calculus with analytic geometry / (Record no. 329419)

000 -LEADER
fixed length control field 00806pam a2200253 a 4500
001 - CONTROL NUMBER
control field 2333476
003 - CONTROL NUMBER IDENTIFIER
control field Nust
005 - DATE AND TIME OF LATEST TRANSACTION
control field 20170505122039.0
008 - FIXED-LENGTH DATA ELEMENTS--GENERAL INFORMATION
fixed length control field 821022s1983 maua 001 0 eng
010 ## - LIBRARY OF CONGRESS CONTROL NUMBER
LC control number 82021481
020 ## - INTERNATIONAL STANDARD BOOK NUMBER
International Standard Book Number 0871503417
040 ## - CATALOGING SOURCE
Original cataloging agency DLC
Transcribing agency DLC
Modifying agency DLC
050 00 - LIBRARY OF CONGRESS CALL NUMBER
Classification number QA303
Item number .S94 1983
082 00 - DEWEY DECIMAL CLASSIFICATION NUMBER
Classification number 515.15 SWO
Edition number 19
100 1# - MAIN ENTRY--PERSONAL NAME
Personal name Swokowski, Earl William,
Dates associated with a name 1926-
9 (RLIN) 59
245 10 - TITLE STATEMENT
Title Calculus with analytic geometry /
Statement of responsibility, etc. Earl W. Swokowski.
250 ## - EDITION STATEMENT
Edition statement Alternate ed.
260 ## - PUBLICATION, DISTRIBUTION, ETC.
Place of publication, distribution, etc. Boston, Mass. :
Name of publisher, distributor, etc. Prindle, Weber & Schmidt,
Date of publication, distribution, etc. c1983.
300 ## - PHYSICAL DESCRIPTION
Extent x, 934, 63 p. :
Other physical details ill. (some col.) ;
Dimensions 27 cm.
500 ## - GENERAL NOTE
General note Includes index.
501 ## - WITH NOTE
With note H.B
650 #0 - SUBJECT ADDED ENTRY--TOPICAL TERM
Topical term or geographic name entry element Calculus.
9 (RLIN) 56
650 #0 - SUBJECT ADDED ENTRY--TOPICAL TERM
Topical term or geographic name entry element Geometry, Analytic.
9 (RLIN) 57
906 ## - LOCAL DATA ELEMENT F, LDF (RLIN)
a 7
b cbc
c orignew
d 1
e ocip
f 19
g y-gencatlg
942 ## - ADDED ENTRY ELEMENTS (KOHA)
Source of classification or shelving scheme
Koha item type Book
Call number prefix 515.15 SWO
Holdings
Withdrawn status Lost status Source of classification or shelving scheme Damaged status Not for loan Collection code Permanent Location Current Location Shelving location Date acquired Total Checkouts Full call number Barcode Date last seen Price effective from Koha item type
            Institute of Environmental Science and Engineering (IESE) Institute of Environmental Science and Engineering (IESE) General Stacks 05/05/2017   515.15 SWO IESE-2655 05/05/2017 05/05/2017 Book
            US-Pakistan Center for Advanced Studies in Energy (USPCAS-E) US-Pakistan Center for Advanced Studies in Energy (USPCAS-E)   04/08/2026   515.15 SWO 1983 CAS-E0005732 04/08/2026 04/08/2026 Book
© 2023 Central Library, National University of Sciences and Technology. All Rights Reserved.